Catalog

Record Details

Catalog Search



Od narození do smrti : Etické problémy v lékařství Cover Image Book Book

Od narození do smrti : Etické problémy v lékařství David C. Thomasma, Thomasine Kushnerová ; Z anglického originálu Birth to Death přeložila Lucie Motlová

Thomasma, David C. (Author). Kushnerová, Thomasine (Added Author). Motlová, Lucie (Added Author).

Record details

  • ISBN: 80-204-0883-5
  • Physical Description: 392 s.
  • Edition: Vydání první
  • Publisher: Praha Mladá fronta 2000

Available copies

  • 2 of 2 copies available at Common Catalog SPOK.

Holds

  • 0 current holds with 2 total copies.
Show Only Available Copies
Location Call Number / Copy Notes Barcode Shelving Location Status Due Date
ETS Library 177 424470010853 Volný výběr Available -
ETS Library 177 424470010854 Volný výběr Available -

LDR 00935nam a2 00289
00135169
003CZ-PrJAB
00520070322000000.0
008070322s2000 xr e |||| |cze
009cz
020 . ‡a80-204-0883-5
035 . ‡a(CONS)6681
035 . ‡aKPS12485
040 . ‡aABG450
041 . ‡acze
08214. ‡a177
100 . ‡76396 ‡aThomasma, David C.
245 . ‡aOd narození do smrti : ‡bEtické problémy v lékařství ‡cDavid C. Thomasma, Thomasine Kushnerová ; Z anglického originálu Birth to Death přeložila Lucie Motlová
250 . ‡aVydání první
260 . ‡aPraha ‡bMladá fronta ‡c2000
300 . ‡a392 s.
653 . ‡aEtické problémy v lékařství
700 . ‡76397 ‡aKushnerová, Thomasine
700 . ‡76398 ‡aMotlová, Lucie
8524 . ‡bETS ‡bETS ‡cVolný výběr ‡j177 ‡gE ‡p424470010854
8524 . ‡bETS ‡bETS ‡cVolný výběr ‡j177 ‡gP ‡p424470010853 ‡xreference
910 . ‡aABG450
999 . ‡a6681 ‡bAUTOGEN ‡c6681 ‡tbiblio
905 . ‡uadmin
901 . ‡a35169 ‡b ‡c35169 ‡tbiblio ‡sets

Additional Resources